| 000 | 00523 a2200169 4500 | ||
|---|---|---|---|
| 020 | _c70.00 | ||
| 035 | _aB-84819 | ||
| 037 | _bRP-CJ-3 / PANSY-04-05:18 / RP-04-05:ENG | ||
| 082 | 1 | 4 | _a005.369 |
| 090 |
_c3323 _d3323 |
||
| 100 | 1 | _aBangia, Ramesh | |
| 245 | 1 |
_aLearning photoshop 7 _cby Ramesh Bangia |
|
| 260 |
_aDelhi _bKhanna Book Publishing _c2002 |
||
| 300 |
_a302 p _bill _c22 cm (pbk) |
||
| 942 |
_adpl _cEN _k005.369 / BAN |
||
| 999 |
_c3258 _d3258 |
||